| 000 | 00639nam a2200205 a 4500 | ||
|---|---|---|---|
| 005 | 20220929063923.0 | ||
| 008 | 011001s1999 ag r 000 0 spa d | ||
| 020 | _a9879065573 | ||
| 035 | _aUPN01000112273 | ||
| 049 | _aCG | ||
| 050 | 4 |
_aLB775 P4.5 _bS4.4 |
|
| 100 | 1 | _aSerulnikov, Adriana | |
| 245 | 1 | 0 |
_aJean Piaget para principiantes / _cAdriana Serulnikov, Rodrigo Suárez. |
| 260 |
_aBuenos Aires : _bEra Naciente, _c1999. |
||
| 300 |
_a175 p. : _bil. |
||
| 440 | 0 |
_aDocumentales ilustrados ; _v43 |
|
| 600 | 1 | 0 |
_aPiaget, Jean, _d1896-1980 _xCrítica e interpretación _913966 |
| 700 | 1 |
_aSuárez, Rodrigo, _ecoaut. |
|
| 905 | _aLibro | ||
| 999 |
_c86181 _d86181 |
||